Болдинские произведения, 1830. Кн. 2 (Запись № 4364956)
[ простой вид ]
| 000 -МАРКЕР | |
|---|---|
| контрольное поле | 01451nam2a2200217 4500 |
| 001 - ИДЕНТИФИКАТОР ЗАПИСИ | |
| контрольное поле | RU\NLR\bibl\2012959 |
| 005 - ИДЕНТИФИКАТОР ВЕРСИИ | |
| контрольное поле | 20250616213940.0 |
| 035 ## - ДРУГИЕ СИСТЕМНЫЕ НОМЕРА | |
| Идентификатор записи | (NLR Aleph) 002001444 |
| 100 ## - ДАННЫЕ ОБЩЕЙ ОБРАБОТКИ | |
| Данные общей обработки | 20130319d2007 |||y0rusy50 ca |
| 101 0# - ЯЗЫК РЕСУРСА | |
| Язык текста, звукозаписи и т.д. | русский |
| 102 ## - СТРАНА ПУБЛИКАЦИИ ИЛИ ПРОИЗВОДСТВА | |
| Страна публикации | Российская Федерация |
| 105 ## - ПОЛЕ КОДИРОВАННЫХ ДАННЫХ: ТЕКСТОВЫЕ МАТЕРИАЛЫ, МОНОГРАФИЧЕСКИЕ | |
| Кодированные данные о монографическом текстовом документе | y ||||||||| |
| 200 0# - ЗАГЛАВИЕ И СВЕДЕНИЯ ОБ ОТВЕТСТВЕННОСТИ | |
| Основное заглавие | Кн. 2 |
| 215 ## - ФИЗИЧЕСКАЯ ХАРАКТЕРИСТИКА | |
| Специфическое обозначение материала и объем | 259 с. |
| 327 1# - ПРИМЕЧАНИЯ О СОДЕРЖАНИИ | |
| Текст примечания | Содерж.: Метель; Моцарт и Сальери; О народной драме и о "Марфе Посаднице" М.П. Погодина; Опровержения на критики и замечания на собственные сочинения; Опыт отражения некоторых нелитературных обвинений; Пир во время чумы; Сказка о медведихе; Сказка о попе и работнике его Балде; Скупой рыцарь; Цыганы; Стихи; Письма |
| 461 #0 - УРОВЕНЬ НАБОРА | |
| Встроенное поле | 001RU\NLR\bibl\2015409 |
| -- | 2001#$aБолдинские произведения, 1830$vКн. 2 |
| Системный номер (АБИС) связанной записи | 4396893 |
| Автор | Пушкин, А. С. (поэт ; 1799-1837) |
| Место публикации | Болдино |
| Дата публикации | 2007 |
| Первые сведения об ответственности | А.С. Пушкин |
| Имя издателя, распространителя и т.д. | [б. и.] |
| Сведения, относящиеся к заглавию | к 175-летию "Болдинской осени" : [сувенирный набор из двух книг в футляре] |
| Заглавие | Болдинские произведения, 1830 |
| ISBN | 9785749312119 |
| Номер тома | Кн. 2 |
| 801 #0 - ИСТОЧНИК ЗАПИСИ | |
| Страна | Российская Федерация |
| Организация | NLR |
| Дата составления | 20130319 |
| Правила каталогизации | RCR |
| 801 #1 - ИСТОЧНИК ЗАПИСИ | |
| Страна | Российская Федерация |
| Организация | NLR |
| Дата составления | 20130319 |
| 942 ## - ДОПОЛНИТЕЛЬНЫЕ ЭЛЕМЕНТЫ ЗАПИСИ (АБИС) | |
| Тип экземпляра АБИС | Книга |
| 980 ## - КОЛЛЕКЦИЯ | |
| Название коллекции | Национальная библиография |
| Тип экземпляра | Дата поступления | Источник поступления | Библиотека постоянного хранения | Библиотека текущего хранения | Место хранения | Шифр хранения | Штрих-код | Статус экземпляра |
|---|---|---|---|---|---|---|---|---|
| Книга | 19.03.2013 | Контрольный экземпляр из типографии | РНБ (Московский) | РНБ (Московский) | Русский книжный фонд: издания с 1957 года | 2013-1/146 | 3848430 |